The nibelungenlied
Salvato in:
| Autore principale: | |
|---|---|
| Natura: | Libro |
| Lingua: | Undetermined |
| Pubblicazione: |
New York, Estados Unidos
The corporative publication society
1901
|
| Soggetti: | |
| Tags: |
Aggiungi Tag
Nessun Tag, puoi essere il primo ad aggiungerne!!
|
MARC
| LEADER | 00000nam a2200000Ia 4500 | ||
|---|---|---|---|
| 008 | 170316s9999 xx 000 0 und d | ||
| 040 | |a cru BVZT | ||
| 090 | |a 830 N-1.1n | ||
| 100 | |a Nanson Lettsom, William | ||
| 245 | 4 | |a The nibelungenlied | |
| 260 | |a New York, Estados Unidos | ||
| 260 | |b The corporative publication society | ||
| 260 | |c 1901 | ||
| 300 | |a 405 páginas | ||
| 650 | |a LITERATURA ALEMANA | ||
| 999 | |c 7404 |d 7404 | ||
| 942 | |c 15 D |h 830 N-1.1n |2 z | ||
